000 00330nam a22001337a 4500
999 _c534065
_d534065
020 _a9659861117
040 _cMSOHAIL
082 _a891.4392
100 _aMustansar Hussain Tarar
_99703
245 _aPutli Peking Ki / پتلی پیکنگ کی
260 _aLahore
_bSang-e-Meel
_cc2009
300 _a432;pxv
942 _2ddc
_cBK